Migration, Refugee Crisis and Multiculturalism in the 21st Century
Gespeichert in:
| 1. Verfasser: | |
|---|---|
| Format: | Buchkapitel |
| Sprache: | Englisch |
| Schlagworte: | |
| Tags: |
Keine Tags, Fügen Sie das erste Tag hinzu!
|
MARC
| LEADER | 00000naa$a2200000$$$4500 | ||
|---|---|---|---|
| 001 | 0223910 | ||
| 005 | 20240502083557.0 | ||
| 041 | 0 | |a eng | |
| 044 | |a DE | ||
| 245 | 1 | 0 | |a Migration, Refugee Crisis and Multiculturalism in the 21st Century |c Tatiana Hrivíková |
| 610 | 2 | 0 | |a migrácia |
| 610 | 2 | 0 | |a utečenci |
| 610 | 2 | 0 | |a multikulturalizmus |
| 610 | 2 | 0 | |a azyl |
| 610 | 2 | 0 | |a Európa |
| 100 | 1 | |a Hrivíková, Tatiana, 1959- | |